| 000 | 00690cam a2200253 4500 | ||
|---|---|---|---|
| 001 | B729 | ||
| 008 | 090401t1986 xxu||||| |||| 00| 0 eng d | ||
| 035 | _a(Sirsi) u37592 | ||
| 041 | _aeng | ||
| 050 | _a333.72 | ||
| 100 | _aBaldwin, R. | ||
| 245 | _aInvesting in energy efficiency : 3 new housing | ||
| 260 |
_aGarston,Watford _bBRE _c1986 |
||
| 300 | _a(4)p. : ill. ; 30cm. | ||
| 350 | _a0 | ||
| 490 |
_aBRE Information Paper _v22/86 |
||
| 650 | _aDOUBLE GLAZING | ||
| 650 | _aLOFT INSULATION | ||
| 650 | _aTHERMAL INSULATION | ||
| 650 | _aBUILT ENVIRONMENT-BUILDING ELEMENTS-COMPLETE BUILDING ELEMENTS-WALLS | ||
| 700 | _aAtkinson, G. | ||
| 942 | _n0 | ||
| 948 | _c04/03/1997 | ||
| 999 |
_c90505 _d90505 |
||